<?xml version="1.0" encoding="UTF-8"?>
<collection xmlns="http://www.loc.gov/MARC21/slim">
 <record>
  <leader>01725aam a22002298a 4500</leader>
  <controlfield tag="001">NCT_25782</controlfield>
  <controlfield tag="008">090916s2009                  ||||||viesd</controlfield>
  <datafield tag="999" ind1=" " ind2=" ">
   <subfield code="c">1229</subfield>
   <subfield code="d">1229</subfield>
  </datafield>
  <datafield tag="020" ind1=" " ind2=" ">
   <subfield code="c">68000</subfield>
  </datafield>
  <datafield tag="082" ind1="0" ind2="4">
   <subfield code="2">23rd ed.</subfield>
   <subfield code="a">690</subfield>
   <subfield code="b">Tr506</subfield>
  </datafield>
  <datafield tag="100" ind1="1" ind2=" ">
   <subfield code="a">Nguyễn Xuân Trục</subfield>
  </datafield>
  <datafield tag="245" ind1="1" ind2="0">
   <subfield code="a">Quy hoạch và thiết kế công trình giao thông đô thị :</subfield>
   <subfield code="b">Dùng cho các trường đào tạo hệ đại học và cao đẳng ngành xây dựng</subfield>
   <subfield code="c">Nguyễn Xuân Trục</subfield>
  </datafield>
  <datafield tag="260" ind1=" " ind2=" ">
   <subfield code="a">H.</subfield>
   <subfield code="b">Giáo dục Việt nam</subfield>
   <subfield code="c">2011</subfield>
  </datafield>
  <datafield tag="300" ind1=" " ind2=" ">
   <subfield code="a">303 tr.</subfield>
   <subfield code="b">minh họa</subfield>
   <subfield code="c">27 cm</subfield>
  </datafield>
  <datafield tag="520" ind1="3" ind2=" ">
   <subfield code="a">Giới thiệu quá trình đô thị hóa và phát triển giao thông vận tải đô thị, mạng lưới đường đô thị - phương tiện và tổ chức vận tải, quy hoạch mạng lưới giao thông đô thị, thiết kế bình đồ, quy hoạch, thiết kế chiếu sáng, hệ thống thoát nước, đường nút giao thông...</subfield>
  </datafield>
  <datafield tag="653" ind1=" " ind2=" ">
   <subfield code="a">Kiến trúc</subfield>
  </datafield>
  <datafield tag="942" ind1=" " ind2=" ">
   <subfield code="2">ddc</subfield>
   <subfield code="c">BK</subfield>
  </datafield>
  <datafield tag="952" ind1=" " ind2=" ">
   <subfield code="0">0</subfield>
   <subfield code="1">0</subfield>
   <subfield code="2">ddc</subfield>
   <subfield code="4">0</subfield>
   <subfield code="6">690_000000000000000_TR506</subfield>
   <subfield code="7">0</subfield>
   <subfield code="9">9026</subfield>
   <subfield code="a">000001</subfield>
   <subfield code="b">000001</subfield>
   <subfield code="d">2018-05-31</subfield>
   <subfield code="o">690 Tr506</subfield>
   <subfield code="p">MD.08696</subfield>
   <subfield code="r">2018-05-31</subfield>
   <subfield code="v">68000.00</subfield>
   <subfield code="w">2018-05-31</subfield>
   <subfield code="y">BK</subfield>
  </datafield>
  <datafield tag="952" ind1=" " ind2=" ">
   <subfield code="0">0</subfield>
   <subfield code="1">0</subfield>
   <subfield code="2">ddc</subfield>
   <subfield code="4">0</subfield>
   <subfield code="6">690_000000000000000_TR506</subfield>
   <subfield code="7">0</subfield>
   <subfield code="9">9027</subfield>
   <subfield code="a">000001</subfield>
   <subfield code="b">000001</subfield>
   <subfield code="d">2018-05-31</subfield>
   <subfield code="o">690 Tr506</subfield>
   <subfield code="p">MD.08697</subfield>
   <subfield code="r">2018-05-31</subfield>
   <subfield code="v">68000.00</subfield>
   <subfield code="w">2018-05-31</subfield>
   <subfield code="y">BK</subfield>
  </datafield>
  <datafield tag="952" ind1=" " ind2=" ">
   <subfield code="0">0</subfield>
   <subfield code="1">0</subfield>
   <subfield code="2">ddc</subfield>
   <subfield code="4">0</subfield>
   <subfield code="6">690_000000000000000_TR506</subfield>
   <subfield code="7">0</subfield>
   <subfield code="9">9028</subfield>
   <subfield code="a">000001</subfield>
   <subfield code="b">000001</subfield>
   <subfield code="d">2018-05-31</subfield>
   <subfield code="o">690 Tr506</subfield>
   <subfield code="p">MD.08698</subfield>
   <subfield code="r">2018-05-31</subfield>
   <subfield code="v">68000.00</subfield>
   <subfield code="w">2018-05-31</subfield>
   <subfield code="y">BK</subfield>
  </datafield>
  <datafield tag="952" ind1=" " ind2=" ">
   <subfield code="0">0</subfield>
   <subfield code="1">0</subfield>
   <subfield code="2">ddc</subfield>
   <subfield code="4">0</subfield>
   <subfield code="6">690_000000000000000_TR506</subfield>
   <subfield code="7">0</subfield>
   <subfield code="9">9029</subfield>
   <subfield code="a">000001</subfield>
   <subfield code="b">000001</subfield>
   <subfield code="d">2018-05-31</subfield>
   <subfield code="o">690 Tr506</subfield>
   <subfield code="p">MD.08699</subfield>
   <subfield code="r">2018-05-31</subfield>
   <subfield code="v">68000.00</subfield>
   <subfield code="w">2018-05-31</subfield>
   <subfield code="y">BK</subfield>
  </datafield>
  <datafield tag="980" ind1=" " ind2=" ">
   <subfield code="a">Thư viện Trường Đại học Nam Cần Thơ</subfield>
  </datafield>
 </record>
</collection>
